| 000 | 00876cam a22002534a 4500 | ||
|---|---|---|---|
| 001 | 12480201 | ||
| 005 | 20180309035624.0 | ||
| 008 | 010724s2001 enk b 001 0 eng | ||
| 010 | _a 2001036835 | ||
| 020 | _a0195143809 (alk. paper) | ||
| 040 |
_aDLC _cDLC _dDLC |
||
| 041 | 1 | _aeng | |
| 042 | _apcc | ||
| 080 | _a179.3 | ||
| 082 | 0 | 0 |
_a179.3 CAV _221 |
| 100 | 1 | _a24 | |
| 101 | _aFIL | ||
| 240 | 1 | 0 |
_aQuestione animale. _lEnglish |
| 245 | 1 | 4 |
_aThe animal question : _cPaola Cavalieri ; translated by Catherine Woollard. |
| 504 | _aIncludes bibliographical references (p. 165-174) and index. | ||
| 906 |
_a7 _bcbc _corignew _d1 _eocip _f20 _gy-gencatlg |
||
| 942 |
_2ddc _cBK |
||
| 999 |
_c44543 _d44543 |
||